[Event "Catalunya-chT Gp1"]
[Site "Barcelona"]
[Date "2020.02.08"]
[Round "4.6"]
[White "Clopes Llahi, Judit"]
[Black "Fernandez Diaz, Cristian"]
[Result "0-1"]
[WhiteElo "2158"]
[BlackElo "2354"]
[PlyCount "64"]
[EventDate "2020.01.18"]
[EventType "team-tourn"]
[EventRounds "7"]
[EventCountry "ESP"]
[SourceTitle "CBM 194 Extra"]
[Source "ChessBase"]
[SourceDate "2020.03.31"]
[SourceVersion "1"]
[SourceVersionDate "2020.03.31"]
[SourceQuality "1"]
[WhiteTeam "Tres Peons"]
[BlackTeam "Mollet"]
[WhiteTeamCountry "ESP"]
[BlackTeamCountry "ESP"]

1. e4 d6 2. d4 Nf6 3. Nc3 g6 4. f3 a6 5. Be3 b5 6. Qd2 Bb7 7. h4 h5 8. Nh3 Nbd7 9. Ng5 Bg7 10. 0-0-0 0-0 11. Ne2 Nb6 12. Nf4 c5 13. dxc5 Na4 14. e5 dxe5 15. Nd3 e4 16. fxe4 Nxe4 17. Qb4 Ng3 18. Rg1 Qd5 19. Kb1 Rad8 20. Re1 e5 21. Bc1 e4 22. Nf4 Qe5 23. Bc4 bxc4 24. Qxa4 Rb8 25. Ka1 Qxc5 26. c3 Nf5 27. g4 hxg4 28. Rxg4 Qf2 29. Rgg1 e3 30. Ref1 Qxh4 31. Qxc4 Rbe8 32. Nxg6 Qxc4 0-1

[Event "GER-chT Federal Cup (Women)"]
[Site "Braunfels"]
[Date "2017.06.15"]
[Round "1.1"]
[White "Clopes Llahi, Judit"]
[Black "Klek, Hanna Marie"]
[Result "1/2-1/2"]
[WhiteElo "2122"]
[BlackElo "2368"]
[PlyCount "85"]
[EventDate "2017.06.15"]
[EventType "team-swiss"]
[EventRounds "5"]
[EventCountry "GER"]
[SourceTitle "CBM 179 Extra"]
[Source "ChessBase"]
[SourceDate "2017.08.23"]
[SourceVersion "1"]
[SourceVersionDate "2017.08.23"]
[SourceQuality "1"]
[WhiteTeam "Sachsen (W)"]
[BlackTeam "Bayern (W) II"]
[WhiteTeamCountry "GER"]
[BlackTeamCountry "GER"]

1. e4 e5 2. Nf3 Nc6 3. d4 exd4 4. Nxd4 Bb4+ 5. c3 Bc5 6. Be3 Bb6 7. Be2 Qh4 8. Nd2 Nxd4 9. cxd4 d5 10. exd5 Ne7 11. Bb5+ c6 12. dxc6 bxc6 13. Bc4 Bg4 14. Be2 h5 15. Nf3 Ba5+ 16. Bd2 Bxf3 17. Bxf3 Qxd4 18. Bxa5 Qe5+ 19. Qe2 Qxa5+ 20. Kf1 Rh6 21. Rc1 Kf8 22. h4 Re6 23. Qc4 Rb8 24. g3 Rxb2 25. Kg2 Qb6 26. Rc2 g6 27. Rhc1 Rb4 28. Qd3 Rd4 29. Qa3 Kg8 30. Rb2 Qc7 31. Qc5 Nf5 32. Rcb1 Re7 33. Qxc6 Qxc6 34. Bxc6 Rc7 35. Bf3 Nd6 36. Rd1 Rxd1 37. Bxd1 Kf8 38. Bb3 Rc5 39. Rc2 Rxc2 40. Bxc2 Nb5 41. Bd3 Nd4 42. f3 Kg7 43. g4 1/2-1/2

[Event "GER CupT 1617 Round2 (1)"]
[Site "Aue"]
[Date "2017.03.12"]
[Round "2.4"]
[White "Clopes Llahi, Judit"]
[Black "Bruchmann, Stephan"]
[Result "0-1"]
[WhiteElo "2116"]
[BlackElo "2283"]
[PlyCount "68"]
[EventDate "2017.03.11"]
[EventType "team-k.o."]
[EventRounds "2"]
[EventCountry "GER"]
[SourceTitle "EXT 2019"]
[Source "ChessBase"]
[SourceDate "2018.10.10"]
[SourceVersion "1"]
[SourceVersionDate "2018.10.10"]
[SourceQuality "1"]
[WhiteTeam "Dresden USV TU"]
[BlackTeam "Pankow Rotation"]
[WhiteTeamCountry "GER"]
[BlackTeamCountry "GER"]

1. e4 c6 2. d4 d5 3. e5 g6 4. Nf3 Bg7 5. Bf4 Qb6 6. b3 Bg4 7. Be2 e6 8. Nc3 Ne7 9. Na4 Qa5+ 10. Bd2 Qc7 11. 0-0 0-0 12. h3 Bxf3 13. Bxf3 Nd7 14. Bb4 Rae8 15. Re1 f6 16. Bd6 Qd8 17. Bg4 f5 18. Be2 Bh6 19. c4 Rf7 20. Nc5 Nc8 21. cxd5 Nxc5 22. dxc5 exd5 23. b4 Qh4 24. a3 Bg7 25. g3 Qxh3 26. Bf1 Qh6 27. Rb1 f4 28. Bg2 fxg3 29. fxg3 Qg5 30. Rb3 Bxe5 31. Rbe3 Nxd6 32. cxd6 Qf6 33. Bxd5 cxd5 34. Qxd5 Bd4 0-1

[Event "GER CupT 1617 Round2 (1)"]
[Site "Aue"]
[Date "2017.03.11"]
[Round "1.4"]
[White "Wichmann, Cliff"]
[Black "Clopes Llahi, Judit"]
[Result "1-0"]
[WhiteElo "2315"]
[BlackElo "2116"]
[PlyCount "51"]
[EventDate "2017.03.11"]
[EventType "team-k.o."]
[EventRounds "2"]
[EventCountry "GER"]
[SourceTitle "EXT 2019"]
[Source "ChessBase"]
[SourceDate "2018.10.10"]
[SourceVersion "1"]
[SourceVersionDate "2018.10.10"]
[SourceQuality "1"]
[WhiteTeam "Aue Nickelhuette"]
[BlackTeam "Dresden USV TU"]
[WhiteTeamCountry "GER"]
[BlackTeamCountry "GER"]

1. Nf3 Nf6 2. c4 e6 3. g3 b6 4. Bg2 Bb7 5. 0-0 Be7 6. d4 0-0 7. Re1 d5 8. cxd5 Nxd5 9. e4 Nf6 10. Nc3 Re8 11. Qc2 c5 12. dxc5 Bxc5 13. Bg5 Qc8 14. Bxf6 gxf6 15. Qd2 Nd7 16. Rac1 Rd8 17. Qf4 Qb8 18. Qg4+ Kh8 19. Qh4 Bf8 20. Red1 h6 21. Nb5 Bg7 22. Nc7 Nc5 23. Nxa8 Rxd1+ 24. Rxd1 Qxa8 25. Ne5 Nxe4 26. Rd8+ 1-0

[Event "Oberliga Ost-A 1617"]
[Site "Germany"]
[Date "2016.11.19"]
[Round "2.7"]
[White "Clopes Llahi, Judit"]
[Black "Liedtke, Matthias"]
[Result "0-1"]
[WhiteElo "2121"]
[BlackElo "2261"]
[PlyCount "190"]
[EventDate "2016.10.16"]
[EventType "team-tourn"]
[EventRounds "11"]
[EventCountry "GER"]
[SourceTitle "EXT 2018"]
[Source "ChessBase"]
[SourceDate "2017.10.13"]
[SourceVersion "1"]
[SourceVersionDate "2017.10.13"]
[SourceQuality "1"]
[WhiteTeam "Dresden USV TU II"]
[BlackTeam "Leipzig SG"]
[WhiteTeamCountry "GER"]
[BlackTeamCountry "GER"]

1. e4 e6 2. d4 d5 3. Nd2 Be7 4. Ngf3 Nf6 5. Bd3 c5 6. exd5 Qxd5 7. Bc4 Qh5 8. 0-0 0-0 9. Nb3 Rd8 10. Qe2 Nbd7 11. dxc5 Nxc5 12. Nxc5 Bxc5 13. Bf4 b6 14. Ne5 Qxe2 15. Bxe2 Bb7 16. Rad1 Nd5 17. Bg3 f6 18. Nd3 Bf8 19. c4 Ne7 20. Nf4 Kf7 21. Rfe1 e5 22. Nd3 Nf5 23. Bf1 Rd4 24. f3 Nxg3 25. hxg3 Rad8 26. Be2 e4 27. fxe4 Bxe4 28. Nf2 Bc2 29. Rxd4 Rxd4 30. Bf3 Bc5 31. Kf1 f5 32. b3 Kf6 33. Re2 Bb1 34. Rb2 Be4 35. Re2 Bd3 36. Nxd3 Rxd3 37. g4 Be3 38. gxf5 Kxf5 39. Rc2 Bc5 40. Ke2 Re3+ 41. Kd1 Kf4 42. Bd5 a5 43. Rf2+ Kg5 44. Rf7 Kg6 45. Rf3 Re7 46. Kd2 h5 47. Rh3 Kg5 48. Rg3+ Kh6 49. Rf3 h4 50. Rf5 Bd4 51. Rf7 Re5 52. Kd3 Bc5 53. Be4 Rg5 54. Rf4 Rg3+ 55. Bf3 Kg5 56. Ke4 g6 57. Rf7 h3 58. gxh3 Rxh3 59. Rf4 Bd6 60. Rg4+ Kf6 61. Rg2 Bc5 62. Rg4 g5 63. Rg2 Rh8 64. Bg4 Rd8 65. Kf3 Rd3+ 66. Ke2 Re3+ 67. Kd2 Re4 68. Kd3 Rd4+ 69. Ke2 Ke5 70. Bc8 Rd8 71. Bh3 Kf6 72. Bg4 Re8+ 73. Kd3 a4 74. Re2 Rd8+ 75. Kc3 Rd4 76. Bc8 Rf4 77. Rg2 Rf3+ 78. Kc2 a3 79. Bg4 Rf1 80. Kc3 Rc1+ 81. Kd2 Rb1 82. Kc3 Ke5 83. Bf3 Kf4 84. Bg4 Rb2 85. Bh3 Bf2 86. Rg4+ Ke3 87. Kb4 Rxa2 88. Rxg5 Ra1 89. c5 Be1+ 90. Ka4 b5+ 91. Kxb5 a2 92. Re5+ Kf3 93. c6 Rb1 94. Rxe1 Rxe1 95. c7 Rc1 0-1

[Event "GER-chT Federal Cup (Women)"]
[Site "Braunfels"]
[Date "2016.05.27"]
[Round "3.2"]
[White "Wagner, Swenja"]
[Black "Clopes Llahi, Judit"]
[Result "0-1"]
[WhiteElo "1670"]
[BlackElo "2121"]
[PlyCount "80"]
[EventDate "2016.05.26"]
[EventType "team-swiss"]
[EventRounds "5"]
[EventCountry "GER"]
[SourceTitle "EXT 2019"]
[Source "ChessBase"]
[SourceDate "2018.10.10"]
[SourceVersion "1"]
[SourceVersionDate "2018.10.10"]
[SourceQuality "1"]
[WhiteTeam "Mecklenburg Vorpommern (W)"]
[BlackTeam "Sachsen (W)"]
[WhiteTeamCountry "GER"]
[BlackTeamCountry "GER"]

1. e4 c5 2. Nf3 a6 3. d4 cxd4 4. Nxd4 e5 5. Nf3 Nf6 6. Nxe5 Qa5+ 7. Nc3 Qxe5 8. f4 Qe6 9. Bd3 Bc5 10. h3 b5 11. Qe2 d6 12. Bd2 Nc6 13. Kd1 Nd4 14. Qe1 Bb7 15. Qg3 0-0-0 16. a3 Nxe4 17. Nxe4 Bxe4 18. Re1 Qg6 19. Qxg6 Bxg6 20. Bc3 Bxd3 21. cxd3 Rhe8 22. Rc1 Rxe1+ 23. Kxe1 Re8+ 24. Kd1 Ne2 25. Rc2 Nxc3+ 26. Rxc3 Kd7 27. Rc2 Re3 28. Rd2 Bd4 29. Kc2 Re1 30. Kb3 Be3 31. Rc2 f6 32. Kb4 Rc1 33. Re2 Bb6 34. f5 Rf1 35. g4 Rf3 36. Rd2 Rxh3 37. a4 bxa4 38. Kxa4 Rg3 39. Rh2 Rxg4+ 40. b4 h6 0-1

[Event "Catalunya-chT Gp1"]
[Site "Barcelona"]
[Date "2015.01.24"]
[Round "1.4"]
[White "Povill Claros, Xavier"]
[Black "Clopes Llahi, Judit"]
[Result "0-1"]
[WhiteElo "2005"]
[BlackElo "2113"]
[PlyCount "98"]
[EventDate "2015.01.24"]
[EventType "team-tourn"]
[EventRounds "7"]
[EventCountry "ESP"]
[SourceTitle "CBM 164 Extra"]
[Source "ChessBase"]
[SourceDate "2015.03.02"]
[SourceVersion "1"]
[SourceVersionDate "2015.03.02"]
[SourceQuality "1"]
[WhiteTeam "Peona I Peo"]
[BlackTeam "Tres Peons"]
[WhiteTeamCountry "ESP"]
[BlackTeamCountry "ESP"]

1. d4 Nf6 2. c4 e6 3. Nc3 Bb4 4. e3 0-0 5. Nge2 d5 6. a3 Be7 7. cxd5 exd5 8. Nf4 c6 9. Bd3 Re8 10. 0-0 Nbd7 11. f3 Nf8 12. Bc2 Ng6 13. e4 Qb6 14. e5 Nd7 15. e6 Ndf8 16. exf7+ Kxf7 17. Nfe2 Bf6 18. f4 Ne7 19. f5 Kg8 20. g4 h6 21. Kg2 Bd7 22. Na4 Qd8 23. Bf4 b6 24. Nac3 c5 25. Bb3 Bc6 26. Qd2 Nh7 27. Rad1 Kh8 28. Ba4 Qd7 29. Bxc6 Qxc6 30. Ra1 Bh4 31. Bg3 Bg5 32. Bf4 Bh4 33. Bg3 Bg5 34. Qc2 Ng8 35. h4 Be3 36. Bf4 cxd4 37. Bxe3 dxe3 38. Nd4 Qd6 39. Kf3 Ngf6 40. g5 Nh5 41. Nce2 Rac8 42. Qd3 Qe5 43. gxh6 gxh6 44. Rac1 Rxc1 45. Rxc1 Qh2 46. Rg1 Qf2+ 47. Kg4 Rg8+ 48. Kh3 Rxg1 49. Nxg1 Qg3# 0-1

[Event "Catalunya-chT"]
[Site "Catalunya"]
[Date "2014.02.08"]
[Round "3.3"]
[White "Fernandez Madrid, Carlos"]
[Black "Clopes Llahi, Judit"]
[Result "0-1"]
[WhiteElo "2135"]
[BlackElo "2113"]
[PlyCount "88"]
[EventDate "2014.01.25"]
[EventType "team"]
[EventRounds "11"]
[EventCountry "ESP"]
[SourceTitle "CBM 158 Extra"]
[Source "ChessBase"]
[SourceDate "2014.02.28"]
[SourceVersion "1"]
[SourceVersionDate "2014.02.28"]
[SourceQuality "1"]
[WhiteTeam "Badalona Sant Josep"]
[BlackTeam "Tres Peons"]
[WhiteTeamCountry "ESP"]
[BlackTeamCountry "ESP"]

1. c4 e5 2. g3 d6 3. Bg2 f5 4. Nc3 Nf6 5. d3 Be7 6. e3 0-0 7. Nge2 c6 8. 0-0 Na6 9. f4 Kh8 10. Kh1 Be6 11. b3 Nc5 12. d4 exd4 13. exd4 Nce4 14. d5 cxd5 15. cxd5 Bf7 16. Bb2 Qb6 17. Nxe4 Nxe4 18. Qd3 Rae8 19. Bd4 Qa5 20. Nc3 Bf6 21. Bxf6 Nxf6 22. a3 Ng4 23. b4 Qb6 24. Nd1 Bg8 25. Ra2 Ne3 26. Nxe3 Rxe3 27. Qc2 Qa6 28. a4 Bxd5 29. b5 Bxg2+ 30. Qxg2 Qb6 31. Qd5 h6 32. a5 Qc7 33. Rd1 Rfe8 34. Qxf5 Qc4 35. Rf2 Qb4 36. a6 bxa6 37. bxa6 Qb6 38. Rfd2 Qxa6 39. Qb1 Qc6+ 40. Kg1 Re2 41. Rd5 Qc3 42. Qd3 Qb2 43. Rd2 Qb6+ 44. Qd4 Rxd2 0-1

[Event "ESP-ch Autonomicas"]
[Site "Gijon"]
[Date "2011.05.01"]
[Round "4.6"]
[White "Clopes Llahi, Judit"]
[Black "Garcia Vicente, Nieves"]
[Result "0-1"]
[WhiteElo "2094"]
[BlackElo "2220"]
[PlyCount "130"]
[EventDate "2011.04.29"]
[EventType "team-swiss"]
[EventRounds "6"]
[EventCountry "ESP"]
[SourceTitle "CBM 142 Extra"]
[Source "ChessBase"]
[SourceDate "2011.06.27"]
[SourceVersion "1"]
[SourceVersionDate "2011.06.27"]
[SourceQuality "1"]
[WhiteTeam "Catalunya"]
[BlackTeam "Aragon"]
[WhiteTeamCountry "ESP"]
[BlackTeamCountry "ESP"]

1. e4 e5 2. Nf3 Nc6 3. d4 exd4 4. Nxd4 Nf6 5. Nxc6 bxc6 6. e5 Qe7 7. Qe2 Nd5 8. c4 Ba6 9. b3 g6 10. Bb2 Bg7 11. Nd2 0-0 12. Qe4 f5 13. Qe2 d6 14. Nf3 dxe5 15. 0-0-0 Rfe8 16. g3 e4 17. Nd4 Nb4 18. Kb1 c5 19. Nb5 Bb7 20. Bg2 Nc6 21. Bxg7 Qxg7 22. Qe3 Qe7 23. Qf4 Rac8 24. g4 a6 25. Nc3 Qe5 26. Qxe5 Rxe5 27. gxf5 gxf5 28. Rhg1 Kh8 29. Rd7 Ne7 30. Ne2 Bc6 31. Rdd1 Ng6 32. Bh3 Rce8 33. Rg5 Rf8 34. Re1 f4 35. Rxe5 Nxe5 36. Nc3 Nf3 37. Rd1 Nxh2 38. Nd5 Nf3 39. Bg4 Ne5 40. Be2 f3 41. Bf1 Ng4 42. Rd2 Rd8 43. Bh3 Nf6 44. Bf5 Nxd5 45. Kc1 e3 46. fxe3 Rd6 47. cxd5 Rxd5 48. e4 Rd4 49. Kd1 Bb5 50. Rxd4 cxd4 51. Ke1 h6 52. e5 Kg7 53. a4 Be2 54. b4 Kf7 55. Kf2 Ke7 56. Bc8 Kd8 57. Bf5 Bd1 58. a5 Be2 59. Be6 h5 60. Bf5 h4 61. Be6 Ke7 62. Bh3 Kd8 63. Be6 c6 64. Bf5 Kc7 65. Bg4 d3 0-1

[Event "ESP-ch Autonomicas"]
[Site "Gijon"]
[Date "2011.05.01"]
[Round "5.6"]
[White "Gomez Dieguez, David"]
[Black "Clopes Llahi, Judit"]
[Result "0-1"]
[WhiteElo "1976"]
[BlackElo "2094"]
[PlyCount "84"]
[EventDate "2011.04.29"]
[EventType "team-swiss"]
[EventRounds "6"]
[EventCountry "ESP"]
[SourceTitle "CBM 142 Extra"]
[Source "ChessBase"]
[SourceDate "2011.06.27"]
[SourceVersion "1"]
[SourceVersionDate "2011.06.27"]
[SourceQuality "1"]
[WhiteTeam "Galicia"]
[BlackTeam "Catalunya"]
[WhiteTeamCountry "ESP"]
[BlackTeamCountry "ESP"]

1. e4 g6 2. d4 d6 3. Be3 Bg7 4. Nc3 c6 5. h4 h5 6. Nh3 Bxh3 7. Rxh3 b5 8. Bd3 Nd7 9. f4 b4 10. Ne2 c5 11. dxc5 dxc5 12. e5 Qb6 13. Ng3 Nh6 14. Bc4 Rd8 15. Qf3 e6 16. Ne4 Nf5 17. Bf2 Bf8 18. 0-0-0 Be7 19. Qe2 Qc7 20. g4 hxg4 21. Qxg4 Qc6 22. Qe2 Kf8 23. h5 Nb6 24. Rxd8+ Bxd8 25. Bxc5+ Kg7 26. Bxb6 Qxb6 27. Nf2 Rxh5 28. Rxh5 gxh5 29. Nd1 Qd4 30. Qf1 h4 31. Bd3 Ng3 32. Qf3 Kf8 33. Qg4 Qg1 34. f5 exf5 35. Bxf5 Bb6 36. Qxb4+ Bc5 37. Qb8+ Kg7 38. Bg4 h3 39. Qd8 Ne4 40. b4 h2 41. bxc5 h1Q 42. Be2 Qe3+ 0-1

[Event "Catalunya-chT"]
[Site "Barcelona"]
[Date "2011.03.26"]
[Round "9.10"]
[White "Arza Garcia, Raul"]
[Black "Clopes Llahi, Judit"]
[Result "1/2-1/2"]
[WhiteElo "1970"]
[BlackElo "2094"]
[PlyCount "85"]
[EventDate "2011.01.29"]
[EventType "team-tourn"]
[EventRounds "11"]
[EventCountry "ESP"]
[SourceTitle "EXT 2012"]
[Source "ChessBase"]
[SourceDate "2011.11.24"]
[SourceVersion "1"]
[SourceVersionDate "2011.11.24"]
[SourceQuality "1"]
[WhiteTeam "Ateneu Colon"]
[BlackTeam "UGA"]
[WhiteTeamCountry "ESP"]
[BlackTeamCountry "ESP"]

1. Nf3 d5 2. c4 dxc4 3. g3 c6 4. Bg2 Nf6 5. Na3 g6 6. Nxc4 Bg7 7. 0-0 0-0 8. d4 Na6 9. Bd2 Be6 10. Nce5 Ne4 11. Bc3 Nc7 12. Ba5 Qc8 13. Ne1 Nd6 14. N1d3 f6 15. Nf3 Bf7 16. b3 Nd5 17. Rc1 Qd7 18. Re1 b6 19. Bd2 Ne4 20. Bb4 Nxb4 21. Nxb4 a5 22. Nd3 Rac8 23. e3 Rfd8 24. Qc2 c5 25. Nf4 Nd6 26. dxc5 Rxc5 27. Qd2 Rxc1 28. Rxc1 e5 29. Ne2 Qe7 30. Rd1 Nb7 31. Qc2 Nc5 32. Rxd8+ Qxd8 33. Qd2 Qc7 34. Nc3 h6 35. e4 Bf8 36. Bf1 Qb7 37. Qe3 Kg7 38. Bc4 Bxc4 39. bxc4 Ne6 40. Nd5 Bc5 41. Qb3 Qc6 42. Qb5 Nd8 43. h4 1/2-1/2

[Event "ESP-ch U18"]
[Site "Granada"]
[Date "2009.07.26"]
[Round "9"]
[White "Diaz Herrero, Alvaro"]
[Black "Clopes Llahi, Judit"]
[Result "1-0"]
[WhiteElo "2187"]
[BlackElo "2102"]
[PlyCount "109"]
[EventDate "2009.07.20"]
[EventType "swiss"]
[EventRounds "9"]
[EventCountry "ESP"]
[SourceTitle "CBM 131 Extra"]
[Source "ChessBase"]
[SourceDate "2009.09.03"]
[SourceVersion "2"]
[SourceVersionDate "2009.09.16"]
[SourceQuality "1"]

1. e4 g6 2. d4 c6 3. Nc3 d5 4. h3 Bg7 5. Nf3 Nh6 6. Be2 0-0 7. 0-0 f6 8. Re1 Nf7 9. Be3 b6 10. Qd2 Bb7 11. Rad1 Na6 12. Bf1 Nc7 13. exd5 cxd5 14. Bf4 Re8 15. Nb5 e5 16. Bg3 a6 17. Nxc7 Qxc7 18. c3 Qc6 19. Nh2 e4 20. f4 Nd6 21. Ng4 a5 22. Ne3 f5 23. Bh2 Ba6 24. g4 Bxf1 25. Rxf1 b5 26. Rc1 Rf8 27. Bg3 Nc4 28. Nxc4 bxc4 29. Bf2 fxg4 30. h4 h5 31. Be3 Qf6 32. Qh2 Qf5 33. Qg3 a4 34. a3 Rab8 35. Rc2 Rb7 36. Rh2 Qd7 37. Rff2 Rf5 38. Rf1 Qc7 39. Rff2 Qb8 40. Bc1 Rb3 41. Qe3 Bxd4 42. Qxd4 g3 43. Rfg2 gxh2+ 44. Kxh2 Qb6 45. Qd1 Kh7 46. Qe1 Qf6 47. Qg3 Rb8 48. Be3 Rf8 49. Rf2 Qd6 50. Kh1 R8f7 51. Rg2 Kh6 52. Bc5 Qe6 53. Be3 Kh7 54. Rg1 Rxf4 55. Bxf4 1-0

[Event "ESP-ch (Women)"]
[Site "Ciudad Real"]
[Date "2007.10.11"]
[Round "5"]
[White "Clopes Llahi, Judit"]
[Black "Ares Campo, Iria"]
[Result "1-0"]
[WhiteElo "2038"]
[BlackElo "1960"]
[PlyCount "89"]
[EventDate "2007.10.08"]
[EventType "swiss"]
[EventRounds "7"]
[EventCountry "ESP"]
[SourceTitle "CBM 120 Extra"]
[Source "ChessBase"]
[SourceDate "2007.11.01"]
[SourceVersion "1"]
[SourceVersionDate "2007.11.01"]
[SourceQuality "1"]

1. e4 d5 2. exd5 Nf6 3. Bb5+ Bd7 4. Bc4 Bg4 5. f3 Bf5 6. Nc3 Nbd7 7. Nge2 Nb6 8. Bb3 Nbxd5 9. Nxd5 Nxd5 10. Ng3 Bc8 11. d4 e6 12. 0-0 Be7 13. c4 Nf6 14. Be3 0-0 15. Qe2 b6 16. Qf2 Bb7 17. Rfd1 c6 18. a4 Bb4 19. Ne2 Qe7 20. Nf4 Bd6 21. Nd3 Nd7 22. Re1 Qf6 23. a5 Qg6 24. Bc2 Qh5 25. Nf4 Qh6 26. Nh3 Qh5 27. a6 Bc8 28. Be4 Nb8 29. c5 Bc7 30. cxb6 Bxb6 31. Ng5 f5 32. g4 Qg6 33. Bd3 Qf6 34. gxf5 h6 35. Nh3 exf5 36. Kh1 g5 37. Rg1 Kf7 38. Bc4+ Be6 39. Bxg5 Qxd4 40. Bxe6+ Kxe6 41. Qe2+ Qe5 42. Nf4+ Kd6 43. Rad1+ Bd4 44. Rxd4+ Qxd4 45. Qe7# 1-0

[Event "EU-ch U16 Girls 17th"]
[Site "Sibenik"]
[Date "2007.09.20"]
[Round "7"]
[White "Khazhomia, Salome"]
[Black "Clopes Llahi, Judit"]
[Result "0-1"]
[WhiteElo "2175"]
[BlackElo "2020"]
[PlyCount "110"]
[EventDate "2007.09.14"]
[EventType "swiss"]
[EventRounds "9"]
[EventCountry "CRO"]
[SourceTitle "CBM 120 Extra"]
[Source "ChessBase"]
[SourceDate "2007.11.01"]
[SourceVersion "1"]
[SourceVersionDate "2007.11.01"]
[SourceQuality "1"]

1. d4 Nf6 2. c4 e6 3. Nf3 Bb4+ 4. Bd2 Qe7 5. g3 0-0 6. Bg2 Bxd2+ 7. Qxd2 d6 8. Nc3 e5 9. 0-0 Re8 10. e3 h6 11. b4 e4 12. Ne1 Bf5 13. Nc2 Nbd7 14. Rfb1 Nb6 15. Bf1 c6 16. a4 Nbd7 17. c5 Nd5 18. Nxd5 cxd5 19. Na3 a6 20. Rc1 Rec8 21. Rc2 Nf6 22. Rac1 Bd7 23. a5 Nh7 24. cxd6 Qxd6 25. Rc5 Ng5 26. Qa2 Nf3+ 27. Kh1 Be6 28. b5 Qd8 29. b6 Rxc5 30. Rxc5 Qg5 31. h3 Qh5 32. h4 Rd8 33. Nc4 g5 34. Nd2 gxh4 35. Nxf3 hxg3+ 36. Kg1 Qxf3 37. Qd2 Kh7 38. Bg2 gxf2+ 39. Qxf2 Rg8 40. Rc7 Rg7 41. Re7 Bh3 42. Rxf7 Qxf2+ 43. Rxf2 Rxg2+ 44. Rxg2 Bxg2 45. Kxg2 Kg6 46. Kg3 Kg5 47. Kh3 h5 48. Kg3 h4+ 49. Kh3 Kh5 50. Kh2 Kg4 51. Kg2 h3+ 52. Kh2 Kh4 53. Kg1 Kg3 54. Kh1 Kf3 55. Kh2 Kxe3 0-1

[Event "EU-ch U16 Girls 17th"]
[Site "Sibenik"]
[Date "2007.09.18"]
[Round "5"]
[White "Orehek, Spela"]
[Black "Clopes Llahi, Judit"]
[Result "0-1"]
[WhiteElo "1847"]
[BlackElo "2020"]
[PlyCount "72"]
[EventDate "2007.09.14"]
[EventType "swiss"]
[EventRounds "9"]
[EventCountry "CRO"]
[SourceTitle "CBM 120 Extra"]
[Source "ChessBase"]
[SourceDate "2007.11.01"]
[SourceVersion "1"]
[SourceVersionDate "2007.11.01"]
[SourceQuality "1"]

1. e4 c6 2. d4 d5 3. exd5 cxd5 4. c4 Nf6 5. Nc3 e6 6. Nf3 Be7 7. cxd5 Nxd5 8. Bd3 0-0 9. 0-0 Nc6 10. Re1 Nf6 11. a3 b6 12. Bc2 Bb7 13. Qd3 g6 14. Bg5 Nd5 15. Bh6 Re8 16. Ne4 Bf8 17. Qd2 Nce7 18. Ba4 Bxh6 19. Qxh6 Nf5 20. Qh3 Rf8 21. Bc2 h5 22. g3 Rc8 23. Rac1 Nf6 24. Nxf6+ Qxf6 25. Bxf5 Rxc1 26. Rxc1 Bxf3 27. Bd3 Qxd4 28. Qf1 Qxb2 29. a4 Qe5 30. Bb5 Bd5 31. f3 Qe3+ 32. Kg2 Bxf3+ 33. Qxf3 Qxc1 34. Qf6 Qc2+ 35. Kg1 Qf5 36. Qe7 Qc5+ 0-1

[Event "EU-ch U16 Girls 17th"]
[Site "Sibenik"]
[Date "2007.09.15"]
[Round "2"]
[White "Muzychuk, Mariya"]
[Black "Clopes Llahi, Judit"]
[Result "1-0"]
[WhiteElo "2330"]
[BlackElo "2020"]
[PlyCount "85"]
[EventDate "2007.09.14"]
[EventType "swiss"]
[EventRounds "9"]
[EventCountry "CRO"]
[SourceTitle "CBM 120 Extra"]
[Source "ChessBase"]
[SourceDate "2007.11.01"]
[SourceVersion "1"]
[SourceVersionDate "2007.11.01"]
[SourceQuality "1"]

1. e4 c6 2. d4 d5 3. Nc3 dxe4 4. Nxe4 Nd7 5. Nf3 Ngf6 6. Nxf6+ Nxf6 7. Bg5 Bf5 8. Bd3 Bxd3 9. Qxd3 e6 10. 0-0-0 Qc7 11. Ne5 Bd6 12. Bxf6 gxf6 13. Ng4 f5 14. Nf6+ Ke7 15. Nh5 Rag8 16. Qh3 Kd8 17. f3 Rg6 18. g4 fxg4 19. fxg4 Qe7 20. Kb1 Rhg8 21. Qf3 Rf8 22. Qe2 f5 23. gxf5 Rxf5 24. Rhf1 Rgg5 25. Ng3 Bxg3 26. hxg3 Rxg3 27. Rxf5 exf5 28. Qd2 Qe4 29. d5 cxd5 30. Qa5+ Kd7 31. Rxd5+ Ke6 32. Rd1 Re3 33. Qd2 Qe5 34. Qd7+ Kf6 35. Qxh7 f4 36. a3 f3 37. Rd7 Re1+ 38. Ka2 Qe6+ 39. b3 Rf1 40. Qg7+ Kf5 41. Rd4 Qe1 42. Qg4+ Kf6 43. Rd6+ 1-0

[Event "Catalunya-ch U16"]
[Site "Vila Seca"]
[Date "2007.04.02"]
[Round "4"]
[White "Mayo Casademont, Andreu"]
[Black "Clopes Llahi, Judit"]
[Result "0-1"]
[WhiteElo "1966"]
[BlackElo "2032"]
[PlyCount "70"]
[EventDate "2007.03.31"]
[EventType "swiss"]
[EventRounds "8"]
[EventCountry "ESP"]
[SourceTitle "EXT 2023"]
[Source "ChessBase"]
[SourceDate "2022.10.05"]
[SourceVersion "1"]
[SourceVersionDate "2022.10.05"]
[SourceQuality "1"]

1. e4 c6 2. d4 d5 3. e5 Bf5 4. Nf3 e6 5. Be2 Ne7 6. 0-0 Nd7 7. Be3 Bg6 8. Nh4 c5 9. c3 Nc6 10. Nxg6 hxg6 11. Nd2 Qb6 12. Qa4 Be7 13. Rab1 0-0 14. Nf3 Rac8 15. a3 cxd4 16. cxd4 Qd8 17. b4 Nb6 18. Qb3 Nc4 19. Rfc1 b5 20. Qd3 Qd7 21. h4 Rfe8 22. Bg5 Bxg5 23. Nxg5 Qd8 24. Bg4 Ne7 25. Qh3 Nf5 26. Bxf5 gxf5 27. Nf3 Nxa3 28. Ra1 Rxc1+ 29. Rxc1 Nc4 30. h5 Qe7 31. Qg3 Kh8 32. h6 gxh6 33. Qf4 Kh7 34. g3 Rg8 35. Kg2 Rg4 0-1

[Event "Catalunya-ch U16"]
[Site "Vila Seca"]
[Date "2007.04.01"]
[Round "3"]
[White "Clopes Llahi, Judit"]
[Black "Millaret Lores, Francesco"]
[Result "1-0"]
[WhiteElo "2032"]
[BlackElo "1985"]
[PlyCount "91"]
[EventDate "2007.03.31"]
[EventType "swiss"]
[EventRounds "8"]
[EventCountry "ESP"]
[SourceTitle "EXT 2023"]
[Source "ChessBase"]
[SourceDate "2022.10.05"]
[SourceVersion "1"]
[SourceVersionDate "2022.10.05"]
[SourceQuality "1"]

1. e4 c5 2. Nc3 g6 3. f4 Bg7 4. Nf3 e6 5. Bc4 Nc6 6. 0-0 Nge7 7. d3 d5 8. Bb3 0-0 9. Qe1 Nd4 10. Qf2 Nxf3+ 11. Qxf3 c4 12. dxc4 dxc4 13. Ba4 Qa5 14. e5 Nd5 15. b4 Qa6 16. b5 Qa5 17. Nxd5 exd5 18. Qa3 Rd8 19. Rf2 Bf8 20. Bd2 Bxa3 21. Bxa5 b6 22. Be1 Bc5 23. c3 a6 24. Kf1 axb5 25. Bxb5 Bxf2 26. Bxf2 Ba6 27. Bc6 Rab8 28. Bh4 Rdc8 29. Bd7 Rc5 30. Be7 Rc7 31. e6 Rf8 32. Re1 fxe6 33. Bxe6+ Kg7 34. Bd6 Rcf7 35. Be5+ Kh6 36. Bxf7 Rxf7 37. Re3 Bc8 38. g3 Bf5 39. Kf2 Ra7 40. Re2 Ra3 41. h3 Bxh3 42. Kf3 g5 43. g4 Bf1 44. Rf2 Bd3 45. f5 Be4+ 46. Kg3 1-0